| 000 | 00384 a2200157 4500 | ||
|---|---|---|---|
| 041 | _aEng. | ||
| 082 |
_a414 _bA37e |
||
| 100 |
_aAbercrombie, David _917911 |
||
| 245 | _aElements of general phonetics | ||
| 260 |
_aEdinburg _bUniversity Press _c1967 |
||
| 300 | _a203p. | ||
| 504 | _aBibliography: p. 178-188 | ||
| 650 |
_aPhonetics _96132 |
||
| 653 | _aLanguage | ||
| 942 |
_2ddc _cGEN |
||
| 999 |
_c58154 _d58146 |
||